Atlas de indicadores ambientales y de sustentabilidad para America Latina y Caribe (Registro nro. 623)

Detalles MARC
000 -CABECERA
Campo de control 01002cam a2200217 a 4500
005 - FECHA Y HORA DE LA ULTIMA TRANSACCION
Campo de control 20200104041513.0
008 - ELEMENTOS DE LONGITUD FIJA—INFORMACION GENERAL
Campo de control t00001998ck abc s 0 spa d
040 ## - FUENTE DE CATALOGACIÓN
Agencia catalogadora original CO-BoPUJ
Agencia transcriptora CO-BoIAVH
Agencia Modificadora CO-BoIAVH
041 0# - IDIOMA
Código de idioma para texto/pista de sonido o título separado Español
044 ## - PAÍS DE PUBLICACIÓN
País de publicación Colombia
082 04 - NUMERO DE CLASIFICACION DECIMAL DEWEY
Número de clasificación 333.7
Número del ítem C39a
110 2# - ASIENTO PRINCIPAL--NOMBRE CORPORATIVO
Nombre corporativo o de jurisdicción como elemento de entrada Centro Internacional de Agricultura Tropical (CIAT)
9 (RLIN) 60557
245 10 - MENCION DE TITULO
Título Atlas de indicadores ambientales y de sustentabilidad para America Latina y Caribe
Mención de responsabilidad Centro Internacional de Agricultura Tropical
260 ## - PUBLICACION, DISTRIBUCION, ETC. (PIE DE IMPRENTA)
Lugar de publicación, distribución, etc. Cali (Colombia) :
Nombre del editor, distribuidor, etc. Centro Internacional de Agricultura Tropical (CIAT) :
-- Programa de las Naciones Unidas para el Medio Ambiente,
Fecha de publicación, distribución, etc. 1998.
300 ## - DESCRIPCION FISICA
Extensión 40 páginas :
Otros detalles físicos ilustraciones, mapas y retratos ;
Dimensiones 28 x 22 cm.+
Material acompañante 1 CD-ROM
650 26 - ASIENTO SECUNDARIO DE MATERIA - TERMINO TEMATICO
Término temático o nombre geográfico como elemento de entrada Medio ambiente
Subdivisión de forma estadísticas
9 (RLIN) 86321
650 26 - ASIENTO SECUNDARIO DE MATERIA - TERMINO TEMATICO
Término temático o nombre geográfico como elemento de entrada Desarrollo sostenible
9 (RLIN) 278
650 26 - ASIENTO SECUNDARIO DE MATERIA - TERMINO TEMATICO
Término temático o nombre geográfico como elemento de entrada Medio ambiente
Subdivisión general Indicadores
Subdivisión geográfica América Latina y el caribe
Subdivisión de forma Atlas
9 (RLIN) 86323
710 2# - ASIENTO SECUNDARIO - NOMBRE CORPORATIVO
Nombre corporativo o de jurisdicción como elemento de entrada Programa de las Naciones Unidas para el Medio Ambiente
9 (RLIN) 86324
942 ## - ELEMENTOS ADICIONALES (KOHA)
Sistema de clasificación Dewey Decimal Classification
Tipo de ítem Libro
Existencias
Withdrawn status Lost status Sistema de Clasificación Damaged status No para préstamo Colección Inventariado Ubicación Permanente Ubicación actual Fecha de adquisición Fuente de Valor Valor Total Checkouts Número topográfico Inventario / Código de Barras Date last seen Ejemplar Price effective from Forma de adquisición Tipo de material Public note
    Dewey Decimal Classification     General Inventariado 2017 Sala Fabio Quevedo Sala Fabio Quevedo 29/05/1998 Centro Internacional de Agricultura Tropical 39000.00   LB-333.7 C39a 000892 04/12/2012 Ej. 1 04/12/2012 Donación Libro Incluye CD-ROM (CID-000893).
    Local     General   Sala Fabio Quevedo Sala Fabio Quevedo 29/05/1998 Centro Internacional de Agricultura Tropical     LB-00606 000893 04/12/2012 Anexo CD 04/12/2012   CD-ROM Atlas de indicadores ambientales y de sustentabilidad para América Latina y el Caribe